000
00236nam a2200097Ia 4500
001
706043
005
20250826162441.0
008
250824s9999 xx 000 0 und d
245
0
_a
KAZANAN YALNIZDIR
_c
PAULE COELHO
260
_b
CAN YAYINLARI
999
_c
706043
_d
706043